Countries by Largest City, In Order (Asia) - Statistics

General Stats
  • This quiz has been taken 73 times
  • The average score is 20 of 48
Answer Stats
Population City Country % Correct
47,600,000 Guangzhou China
100%
31,300,000 Delhi India
95%
32,100,000 Jakarta Indonesia
95%
40,500,000 Tokyo Japan
93%
20,300,000 Dhaka Bangladesh
83%
25,000,000 Seoul South Korea
83%
26,300,000 Manila Philippines
81%
19,400,000 Bangkok Thailand
81%
18,200,000 Karachi Pakistan
79%
16,200,000 Istanbul Turkey
76%
15,500,000 Tehran Iran
74%
10,600,000 Ho Chi Minh City Vietnam
69%
9,150,000 Kuala Lumpur Malaysia
57%
7,900,000 Singapore Singapore
57%
9,150,000 Taipei Taiwan
55%
7,150,000 Baghdad Iraq
52%
8,400,000 Riyadh Saudi Arabia
50%
5,700,000 Dubai United Arab Emirates
50%
5,750,000 Yangon Myanmar
48%
5,700,000 Amman Jordan
43%
4,475,000 Kabul Afghanistan
38%
4,825,000 Colombo Sri Lanka
38%
3,900,000 Damascus Syria
36%
4,500,000 Kuwait City Kuwait
33%
3,200,000 Kathmandu Nepal
31%
2,975,000 Pyongyang North Korea
29%
3,300,000 Tashkent Uzbekistan
29%
202,715 Bandar Seri Begawan Brunei
26%
114,551 Thimphu Bhutan
24%
227,486 Malé Maldives
24%
1,500,000 Yerevan Armenia
19%
2,625,000 Baku Azerbaijan
19%
2,175,000 Almaty Kazakhstan
19%
2,900,000 Sana'a Yemen
19%
1,570,000 Manama Bahrain
17%
244,584 Dili East Timor
17%
1,360,000 Tbilisi Georgia
17%
2,725,000 Tel Aviv Israel
17%
948,477 Vientiane Laos
17%
2,300,000 Doha Qatar
17%
1,030,000 Dushanbe Tajikistan
17%
2,575,000 Phnom Penh Cambodia
14%
1,430,000 Ulaanbaatar Mongolia
14%
1,330,000 Muscat Oman
14%
1,440,000 Ashgabat Turkmenistan
14%
244,200 Nicosia Cyprus
12%
1,120,000 Bishkek Kyrgyzstan
12%
1,790,000 Beirut Lebanon
12%
No matching quizzes found
Score Distribution
Percent of People with Each Score
Percentile by Number Answered
Your Score History
You have not taken this quiz